000 04930nam a22003374 4500
001 R9781032644370
003 EG-ScBUE
005 20250225094855.0
008 240110s2024 nyu f 001 0 eng d
020 _z9781032644356
040 _aNhCcYBP
_beng
_erda
_cNhCcYBP
_dEG-ScBUE
082 0 4 _a658.3123
_222
_bAMB
100 1 _aAmbrozie, Tony,
_eauthor.
245 1 0 _aDoing digital :
_blessons learned on how to do and be digital /
_cTony Ambrozie ; foreword by George Hanna, chief technology and digital officer, LA Clippers.
264 1 _aNew York :
_bRoutledge,
_c2024.
300 _axxx, 251 pages :
_billustrations ;
_c20 cm
336 _atext
_btxt
_2rdacontent
337 _acomputer
_bc
_2rdamedia
338 _aonline resource
_bcr
_2rdacarrier
500 _aIncludes index.
520 _aWe have gone through one of the most disruptive societal changes, on a global scale, over the last three years due to COVID-19. Regardless of the personal and professional impact the pandemic had on us, we've all had to adapt to a different reality that continues today. The pandemic has also forced organizations large and small to adjust and rethink their normal business activities - sometimes in abrupt ways - in order to survive a global shutdown. Organizations that did adjust well applied five major principles that they'll be wise to continue with for the long-term, both when facing extreme events or merely the new normal. First and foremost, successful organizations accelerated digital and the use of digital tools and business models as much as possible. For example, retail operations with modest digital presence suddenly had to sell through digital channels, rather than physical stores. Entertainment content creators had to push everything into streaming services instead of theaters. And healthcare providers moved patient encounters from in-person to telehealth as much as was feasible and safe. This accelerated the digital transformation movement and is the focus of this book. This thought-provoking book offers fundamental principles and a narrative about the entire journey to doing and ultimately being digital, with the view to help the reader build their own mental model on how to approach digital in their situations and organizations. The book also draws a story in which concepts and practices are introduced as needed and is based on the author's own experiences at American Express and Disney. Presented in five parts, the author introduces the topics of digital, digitization, and digital transformation; discusses the fundamental concepts and building blocks of digital; describes who makes up the ideal digital team; the principles and processes of execution; and puts it all together in the context of the overall business. The author concludes his narrative with a case study from the healthcare industry - an industry that is still 10-15 years behind in their digital transformation. The book concludes with the author's observations of what AI and ChatGPT means for digital transformations.
545 0 _aTony Ambrozie is Senior Vice President and Chief Digital Officer/Chief Information Officer for Baptist Health South Florida, the largest not-for-profit healthcare organization in South Florida. He is responsible for all technologies and customer experience as well as clinical digital and data transformation efforts. Before joining Baptist Health, Mr. Ambrozie served as Senior Vice President, Technology and Digital at The Walt Disney Company. In this role, he was responsible for a number of digital and core systems and technologies, engineering, data analytics and machine learning for Disney Parks, Consumer Products, Games and Publishing. Prior to joining Disney in 2013, Mr. Ambrozie was Vice President for Digital Platform Technologies at American Express, where he was responsible for platform engineering, shared services development and application security, with previous roles focused on application architecture, development, engineering and performance. He is a proven leader in the technology and digital space with a keen focus on using technology and data to enhance the consumer experience. Prior to spending the past two decades focused on large business operations, he launched his technology career as the cofounder of a software development startup, specializing in building unique, small business applications. Mr. Ambrozie holds a dual MBA and Master's Degree in Information Management from the W.P. Carey School of Business at Arizona State University.
650 7 _aTelecommuting.
_2BUEsh
653 _cFebruary2025
_bBUSADM
655 _vReading book
776 0 8 _iPrint version:
_z1032644354
_z9781032644356
_z1032644362
_z9781032644363
856 4 0 _aBloomington
_uhttps://www.taylorfrancis.com/books/9781032644370
_zAvailable on campus and off campus with authorized logon
942 _2ddc
_cBB
949 _hwellsebook
999 _c30926
_d30897